[Event "BL 2017-18"]
[Site "Germany"]
[Date "2018.05.01"]
[Round "15.6"]
[White "Kindermann, Stefan"]
[Black "Trent, Lawrence"]
[Result "1-0"]
[WhiteElo "2495"]
[BlackElo "2417"]
[Annotator "TA"]
[PlyCount "157"]
[EventDate "2018.05.24"]
[EventType "team-tourn"]
[EventCountry "GER"]
[SourceTitle "playchess.com"]
[Source "ChessBase"]
[SourceQuality "1"]
[WhiteTeam "Zugzwang Muenchen"]
[BlackTeam "Norderstedt"]

{[%evp 20,157,35,35,82,34,52,47,66,63,71,71,76,65,76,61,69,65,80,76,85,81,89,68,78,55,60,58,81,81,81,90,93,85,93,97,93,96,100,81,133,131,137,132,137,135,158,147,147,147,147,147,147,112,116,123,146,113,133,135,137,133,135,116,192,183,215,178,187,181,181,181,182,182,197,156,155,110,110,110,110,110,110,110,110,110,158,164,197,189,325,268,338,320,385,343,875,772,2345,1847,12839,12839,12840,12840,12841,12840,12841,12841,12841,12840,12841,12841,12841,12839,12840,12839,12840,12840,12841,12841,12841,12842,12842,12843,12843,12843,12844,12844,12845,12845,12845,12846,12846,12847,12849,12849,12850,12848,12850,12850]} 1. e4 e5 2. Nf3 Nc6 3. Bc4 Nf6 4. d3 h6 5. O-O d6 6. c3 Be7 7. Re1 O-O 8. Nbd2 Nh7 9. h3 {C55: Two Knights: 4 d3, 4 d4 exd4 5 e5 and Max Lange Attack} Ng5 (9... Kh8 10. d4 Ng5 11. Nxg5 Bxg5 12. Nf3 Bxc1 13. Rxc1 Qf6 14. Bf1 Qg6 15. Kh2 Qh5 16. Be2 Bg4 {½-½ (50) Bologan,V (2682)-Fressinet,L (2624) Bastia 2005}) 10. d4 Bf6 11. Nxg5 {LiveBook: 9 Games. White is slightly better.} hxg5 12. Nb3 g6 13. Be3 Kg7 {[#]} 14. Qd2 $146 ({Predecessor:} 14. Bf1 Rh8 15. f3 a5 16. Qd2 a4 {½-½ (102) Spasov,V (2550)-Yurtaev,L (2515) Manila 1992}) 14... Rh8 15. f3 Qe7 16. Bf1 a5 17. Rad1 b6 18. Na1 {[%cal Bb3a1,Ba1c2,Bc2a3,Ba3c4][%mdl 32]} Bd7 19. Nc2 Be8 20. Bf2 Nd8 21. d5 Bd7 22. Na3 Nb7 23. Bb5 Bc8 24. Bc6 Rb8 25. Nc4 Nd8 26. Bb5 Bd7 27. Bxd7 Qxd7 28. b4 Ra8 29. bxa5 Qa4 (29... b5 $142) 30. Qe2 $16 b5 31. Ne3 Rxa5 32. Rd2 Nb7 33. Rb1 Nc5 34. Rb4 Qa3 35. Rc2 Be7 36. Rxb5 Rxb5 37. Qxb5 Qa8 38. Qe2 Rb8 39. Rb2 Rxb2 40. Qxb2 Nd3 41. Qb1 Nf4 (41... Nxf2 $16 42. Kxf2 Qa5) 42. Qc2 Qa6 43. c4 Qa3 44. Nd1 Kf8 45. Be3 Qb4 46. Kf1 Nh5 47. g4 Nf4 48. Qb3 Qxb3 49. axb3 Nxh3 {[%mdl 4096] Endgame KBN-KBN} 50. b4 Nf4 51. Nb2 Ke8 52. c5 dxc5 53. bxc5 f6 54. Bxf4 gxf4 $18 {KB-KN} (54... exf4 $142 55. c6 Ba3) 55. Na4 $1 Kd8 56. Ke2 c6 {[#]} 57. Kd3 $1 {[%cal Rd3c4]} cxd5 $2 (57... Bf8 58. Kc4 (58. dxc6 Kc7 $11) 58... Kd7) 58. exd5 {White is clearly winning.} f5 {[#]} 59. d6 $1 {[%cal Rd6e7]} Bxd6 60. cxd6 {KN-KP} Kd7 61. g5 Kxd6 62. Nb6 Kc6 63. Nc4 Kd5 64. Nd2 Kc5 65. Nb3+ Kd5 66. Na5 Kd6 67. Ke2 Kd5 68. Nb7 Ke6 69. Nc5+ Kd6 70. Nd3 Kd5 71. Ne1 Ke6 72. Ng2 Kf7 73. Nh4 Kg7 74. Kd3 Kf7 75. Kc4 e4 76. Kd4 Ke6 77. Nxg6 Z0 78. Ne5 Z0 79. fxe4 {Precision: White = 76%, Black = 56%.} 1-0

[Event "BL 2017-18"]
[Site "Germany"]
[Date "2018.05.01"]
[Round "15.7"]
[White "Aronian, Levon"]
[Black "Schroeder, Jan-Christian"]
[Result "1/2-1/2"]
[WhiteElo "2767"]
[BlackElo "2563"]
[Annotator "TA"]
[PlyCount "55"]
[EventDate "2018.05.24"]
[EventType "team-tourn"]
[EventCountry "GER"]
[SourceTitle "playchess.com"]
[Source "ChessBase"]
[SourceQuality "1"]
[WhiteTeam "Baden-Baden"]
[BlackTeam "SV Hofheim"]

{[%evp 15,55,0,5,13,10,0,40,25,46,47,36,8,6,7,10,6,16,14,11,10,10,0,11,7,22,0,0,0,0,-16,0,-12,-12,-16,-18,-13,-2,-4,-4,-3,-3,-15]} 1. c4 e6 2. g3 d5 3. Bg2 Nf6 4. Nf3 Be7 5. O-O O-O 6. b3 b6 7. Nc3 Bb7 8. d4 c5 {LiveBook: 12 Games. E18: Queen's Indian: Old Main Line (4 g3 Bb7 5 Bg2 Be7 6 0-0 0-0 7 Nc3)} (8... Nbd7 9. Bb2 c5 10. Ne1 cxd4 11. Qxd4 Bc5 12. Qf4 Bb4 13. Nd3 Bxc3 14. Bxc3 Qc8 15. Rfc1 dxc4 16. Bxf6 Nxf6 17. Rxc4 Qb8 18. Qxb8 Rfxb8 {½-½ (58) Ding,L (2777)-So,W (2810) Tbilisi 2017}) 9. dxc5 dxc4 10. cxb6 Qxd1 $146 (10... axb6 {keeps more tension.} 11. Qxd8 Rxd8 12. bxc4 Nbd7 13. Rd1 Rac8) ({Predecessor:} 10... cxb3 11. axb3 axb6 12. Be3 Nbd7 13. Nd4 Bxg2 14. Kxg2 Rxa1 15. Qxa1 Qa8+ 16. Kg1 Rc8 17. Na4 Nd5 18. Bd2 Bb4 {½-½ (18) Arnold,B (1650)-Wotzka,A (1598) Leverkusen 2012}) 11. Rxd1 cxb3 12. axb3 axb6 13. Rxa8 Bxa8 {The position is equal.} 14. Ne5 Bxg2 15. Kxg2 Rc8 16. Nb5 (16. Nc4 {with more complications.} h6 17. Be3 Nbd7 18. Bd4 Bc5 19. Nb5) 16... Nc6 17. Nxc6 Rxc6 18. Be3 Nd5 19. Bd4 f5 20. Rd2 Kf7 21. Ra2 g5 22. Ba1 Rc1 23. Bd4 (23. Ra7 {feels hotter.} Kg6 24. Be5 Rc2 25. Nd4 Rd2 26. Kf1) 23... Rb1 24. Rb2 Rxb2 25. Bxb2 g4 26. h3 h5 27. hxg4 hxg4 28. Kf1 {Precision: White = 56%, Black = 55%.} 1/2-1/2

[Event "BL 2017-18"]
[Site "Germany"]
[Date "2018.05.01"]
[Round "15.7"]
[White "Ostrovskiy, Andrey"]
[Black "Bromberger, Stefan"]
[Result "1-0"]
[WhiteElo "2433"]
[BlackElo "2482"]
[Annotator "TA"]
[PlyCount "81"]
[EventDate "2018.05.24"]
[EventType "team-tourn"]
[EventCountry "GER"]
[SourceTitle "playchess.com"]
[Source "ChessBase"]
[SourceQuality "1"]
[WhiteTeam "Norderstedt"]
[BlackTeam "Zugzwang Muenchen"]

{[%evp 15,81,0,0,0,0,0,0,0,0,0,0,1,12,21,28,27,79,68,83,66,57,34,51,41,41,41,66,73,142,142,173,166,187,198,218,212,177,154,240,210,275,241,279,264,235,241,314,293,377,363,340,276,606,614,885,826,746,570,614,628,771,745,939,925,1092,1096,962,934]} 1. e4 e5 2. Nf3 Nc6 3. Bb5 a6 4. Ba4 Nf6 5. d3 b5 6. Bb3 Bc5 7. a4 b4 {C77: Ruy Lopez: 3...a6 4 Ba4 Nf6, unusual lines} 8. O-O O-O {LiveBook: 3 Games} 9. Be3 Bxe3 {The position is equal.} 10. fxe3 d6 11. Qe1 $146 ({Predecessor:} 11. Nbd2 Na5 12. Ba2 Be6 13. Qe1 c5 14. Nh4 g6 15. Nhf3 Bxa2 16. Rxa2 {1-0 (52) Anand,V (2783)-Karjakin,S (2767) Stavanger 2013}) 11... Rb8 12. a5 Be6 13. Nbd2 Nd7 14. Ba4 Ne7 15. d4 {[%cal Bd3d4,Bd4d5][%mdl 32]} Ng6 (15... f6 $11) 16. Qe2 $1 $16 Ra8 17. d5 Bg4 18. Bc6 $36 {[%mdl 2048] White has the initiative.} Ra7 19. h3 Bxf3 $1 20. Rxf3 Nc5 21. Qc4 $1 Qb8 {[#]} (21... Ne7 $142) 22. Nb3 $1 {[%cal Rb3c5]} Nxb3 23. Qxb3 Ne7 {[#]} 24. Ra4 $1 g6 25. Rxb4 Qd8 26. Qa4 Kh8 (26... Qc8 $16 27. Rc4 Qd8) 27. c3 f5 28. Qd1 fxe4 29. Rxe4 Rxf3 30. Qxf3 Nxc6 31. dxc6 $18 {[%mdl 4096] Endgame KQR-KQR} Qe7 32. Rb4 Ra8 33. Rb7 e4 $2 (33... h5 34. b4 Kg7) 34. Qg4 {White is clearly winning.} Rd8 35. b4 Kg7 36. Ra7 h5 37. Qe2 Kh6 38. Qxa6 Qf6 39. Qf1 Qxc3 40. Qf4+ g5 41. Qxe4 {Precision: White = 94%, Black = 33%.} 1-0

[Event "BL 2017-18"]
[Site "Germany"]
[Date "2018.05.01"]
[Round "15.7"]
[White "Kraemer, Enrico"]
[Black "Braun, Arik"]
[Result "1/2-1/2"]
[WhiteElo "2191"]
[BlackElo "2587"]
[Annotator "TA"]
[PlyCount "93"]
[EventDate "2018.05.24"]
[EventType "team-tourn"]
[EventCountry "GER"]
[SourceTitle "playchess.com"]
[Source "ChessBase"]
[SourceQuality "1"]
[WhiteTeam "Speyer"]
[BlackTeam "Hockenheim"]

{[%evp 20,93,32,39,38,33,31,40,33,22,26,17,37,8,16,6,10,0,0,-30,10,0,8,0,0,0,0,-29,-25,-59,-29,-43,-29,-44,0,-14,0,0,0,-22,0,0,0,0,0,0,40,41,43,46,44,45,62,50,73,66,66,66,139,139,139,131,139,133,128,122,126,140,120,92,98,95,86,91,97,0]} 1. d4 Nf6 2. c4 e6 3. Nc3 Bb4 4. Qc2 O-O 5. Nf3 d6 6. Bd2 Qe7 7. a3 Bxc3 8. Bxc3 Nbd7 9. e3 {E32: Nimzo-Indian: Classical (4 Qc2): 4...0-0} e5 (9... b6 10. Bd3 e5 11. dxe5 dxe5 12. Nd2 Nc5 13. Be2 Bb7 14. O-O Nfe4 15. b4 Nxc3 16. Qxc3 Nd7 {½-½ (55) Lenic,L (2641)-Carlsen,M (2840) chess.com INT 2017}) 10. dxe5 dxe5 11. Be2 {LiveBook: 8 Games. White is slightly better.} a5 $146 ({Predecessor:} 11... e4 12. Nd2 b6 13. b4 c5 14. Qb2 Re8 15. Nb3 Ba6 16. O-O Rac8 17. bxc5 bxc5 {½-½ (104) Medvegy,Z (2537)-Horvath,A (2531) Gyula 2013}) 12. b3 b6 13. O-O Bb7 14. Rfd1 Ne4 15. Be1 c5 16. Qb2 Rfd8 17. b4 Bc6 18. Qc2 Nd6 19. bxa5 bxa5 20. Rab1 Ra6 {aiming for ...Be4.} 21. Rb2 e4 22. Nd2 Ne5 23. Rdb1 a4 24. Rb6 Rxb6 (24... Raa8 {looks sharper.} 25. Nf1 Rdc8 26. Ng3 g6 27. Rc1 h5) 25. Rxb6 h6 26. Qb1 f5 (26... Qa7 {seems wilder.} 27. h3 Re8 28. Rb2 Rc8 29. Qc2 Qe7) 27. Rb8 (27. Nf1 {is interesting.} Be8 28. Ng3 Nd3 29. Bc3 Kh7 30. Ra6) 27... Nd7 28. Rxd8+ Qxd8 29. Qd1 Nb6 30. Nb1 Qd7 31. Qc2 Qe6 {[%cal Rb6c4]} 32. Ba5 {[%cal Be1a5,Ba5c3,Bc3b2][%mdl 32]} Nbc8 33. Nd2 {[%cal Bb1d2,Bd2f1,Bf1g3,Bg3h5,Bh5f4][%mdl 32]} Be8 34. Bc3 Qe7 35. Bb2 Bc6 36. Qc3 Nb7 37. Nf1 Ncd6 38. Ng3 Kh7 ({Black should try} 38... Be8 $1 $14) 39. Nh5 $16 {[%cal Rh5g7]} Ne8 40. Nf4 Nf6 41. h3 Qd6 42. g3 Qe7 43. Kg2 Qd6 44. Bh5 {Bg6+ is the strong threat.White is better.} Be8 45. Bxe8 Nxe8 46. Nd5 Qd7 {[#]} 47. h4 {Precision: White = 50%, Black = 42%.} (47. Qc2 $1 $16) 1/2-1/2

[Event "BL 2017-18"]
[Site "Germany"]
[Date "2018.05.01"]
[Round "15.8"]
[White "Hertneck, Gerald"]
[Black "Kopylov, Michael"]
[Result "1/2-1/2"]
[WhiteElo "2493"]
[BlackElo "2418"]
[Annotator "TA"]
[PlyCount "120"]
[EventDate "2018.05.24"]
[EventType "team-tourn"]
[EventCountry "GER"]
[SourceTitle "playchess.com"]
[Source "ChessBase"]
[SourceQuality "1"]
[WhiteTeam "Zugzwang Muenchen"]
[BlackTeam "Norderstedt"]

{[%evp 26,120,0,5,60,47,105,93,159,153,167,160,180,149,220,248,233,137,195,144,146,141,141,139,138,127,145,171,166,174,152,173,182,104,123,85,202,202,193,204,396,332,311,304,578,560,536,381,808,766,641,453,1252,1110,823,797,1203,1100,29951,6524,29973,29974,29974,29975,29978,29977,12841,8,8,8,8,8,29975,29976,29974,8,8,8,8,8,8,8,8,8,8,8,8,8,8,8,8,8,8,8,8,8,8]} 1. Nf3 d5 2. g3 c6 3. Bg2 Bg4 4. d3 Nd7 5. Nbd2 Ngf6 6. h3 Bh5 7. O-O e5 8. e4 Bd6 9. Qe1 O-O 10. Nh4 Re8 11. Nf5 Bf8 12. a4 {[%cal Ba2a4,Ba4a5][%mdl 32]} a5 13. Nb3 dxe4 14. dxe4 {LiveBook: 3 Games} Qb6 $146 {A07: Réti Opening: New York and Capablanca Systems} ({Black should play} 14... Qc7 $11) ({Predecessor:} 14... Qc7 15. Bd2 b6 16. g4 Bg6 17. Ng3 h6 18. Qe2 Nh7 19. Qc4 Be7 20. Nf5 Bg5 21. Rfd1 Ndf6 22. Be1 Bxf5 23. exf5 {½-½ (42) Chelushkina,I (2265)-Zawadzka,J (2393) Belgrade 2013}) 15. Bd2 $14 Bb4 (15... h6 $14) 16. Bxb4 $1 $16 axb4 ({Black should try} 16... Qxb4 17. Qxb4 axb4) 17. a5 Qc7 18. Qxb4 c5 19. Qc4 b6 (19... Bg6 $16 20. Ne3 Rec8) 20. axb6 $18 Qxb6 21. Ne7+ (21. Rxa8 $18 Rxa8 22. g4) 21... Kh8 (21... Kf8 $16) 22. Nd5 (22. Rxa8 $18 Rxa8 23. g4) 22... Nxd5 $16 23. exd5 Bg6 24. Rxa8 Rxa8 25. d6 Rd8 26. Rd1 $40 {[%mdl 128] White goes for the king.} Qb4 27. Qxb4 cxb4 28. Na5 Bxc2 29. Rd5 ({Better is} 29. Rc1 $18 b3 30. Nc6) 29... Bf5 30. Rb5 Rb8 (30... g6 $16) 31. Rxb8+ $18 Nxb8 32. Nc6 $1 {[%cal Rc6b8]} Nxc6 $2 (32... Nd7 {might work better.} 33. g4 (33. Nxb4 Kg8 $16) 33... Be6 34. Nxb4 f5) 33. Bxc6 Bxh3 {[%mdl 4096] Endgame KB-KB} 34. f3 Be6 $2 (34... Kg8 {was called for.} 35. d7 Bxd7 36. Bxd7 Kf8) 35. d7 Bxd7 36. Bxd7 {KB-KP} g6 $2 (36... Kg8 37. Kf2 Kf8) 37. Kf2 Kg7 38. Ke3 f5 (38... h5 $142 39. Ke4 f6) 39. Kd3 Kf6 40. Kc4 h5 41. Kxb4 g5 42. Bb5 (42. Kc5 $142 h4 43. gxh4 gxh4 44. Bb5 h3 45. Bf1 h2 46. Bg2 Ke6 47. b4) 42... h4 43. gxh4 gxh4 {KB-K3P} 44. Bf1 Kg5 45. Kc3 Kf4 46. Bh3 $2 (46. b4 $1 $18 {[%cal Rb4b5]} e4 47. b5) 46... Kxf3 47. Bxf5 $11 {KB-KPP} e4 48. Kd2 {Black must now prevent b4.} e3+ $2 {[%mdl 8192] [#]} (48... Kf4 $11 49. Bd7 Kf3) 49. Ke1 $1 Kf4 {[#]} 50. Bh3 $2 (50. Bd3 $1 {mates} Ke5 51. Be2 Kf6 52. Kf1 Ke7 53. Kg2 Ke6 54. b4 Kd5 55. Kh3) 50... Ke4 {The position is equal.} 51. Ke2 {Bf1 is the strong threat.} Kd4 $1 52. Be6 Ke5 53. Bc8 Kd4 54. Ba6 h3 {[%cal Bh4h3,Bh3h2][%mdl 32]} 55. Kf3 h2 56. Kg2 Kc5 57. Be2 Kb4 58. Bd1 e2 59. Bxe2 {aiming for Bd1.} Kb3 60. Kxh2 Kxb2 {Precision: White = 68%, Black = 33%.} 1/2-1/2

[Event "BL 2017-18"]
[Site "Germany"]
[Date "2018.05.01"]
[Round "15.8"]
[White "Ginsburg, Gennadi"]
[Black "Vachier-Lagrave, Maxime"]
[Result "1/2-1/2"]
[WhiteElo "2418"]
[BlackElo "2789"]
[Annotator "TA"]
[PlyCount "52"]
[EventDate "2018.05.24"]
[EventType "team-tourn"]
[EventCountry "GER"]
[SourceTitle "playchess.com"]
[Source "ChessBase"]
[SourceQuality "1"]
[WhiteTeam "SV Hofheim"]
[BlackTeam "Baden-Baden"]

{[%evp 12,52,47,31,41,0,0,0,0,0,0,0,0,0,20,15,16,11,22,32,33,0,0,0,14,14,41,62,68,0,10,0,8,5,20,8,19,8,13,20,14,0,37]} 1. d4 Nf6 2. Nf3 g6 3. c4 Bg7 4. e3 O-O 5. Be2 d6 6. Nc3 Nc6 7. d5 {LiveBook: 5 Games. E61: King's Indian: Early deviations for White, including Smyslov System} Nb4 8. a3 Na6 9. O-O (9. Nd4 e5 10. dxe6 fxe6 11. O-O e5 12. Nb3 c6 13. e4 Nc7 14. f4 Ne6 {½-½ (59) Caruana,F (2784)-Carlsen,M (2843) Karlsruhe/Baden-Baden 2018}) 9... Nc5 $146 ({Predecessor:} 9... c5 10. e4 Nc7 11. Bg5 h6 12. Bd2 e6 13. Qc2 exd5 14. cxd5 Re8 {½-½ (47) Schneuwly,A (2107)-Loidl,F (2215) Graz 2002}) 10. Nd4 a5 11. b3 {[%cal Bb2b3,Bb3b4][%mdl 32]} e5 12. dxe6 fxe6 13. Bb2 e5 14. Nf3 Be6 15. b4 Nce4 16. Nd2 Nxd2 17. Qxd2 Qd7 18. Nd5 Qf7 19. Nxf6+ Bxf6 20. Qc2 ({White should try} 20. bxa5 $14 Qd7 21. Bf3) 20... Bg7 {The position is equal.} 21. Bd3 c6 22. e4 h5 23. c5 dxc5 24. bxc5 a4 25. Bc1 Rad8 26. Be3 Bb3 {Precision: White = 61%, Black = 33%.} 1/2-1/2

[Event "BL 2017-18"]
[Site "Germany"]
[Date "2018.05.01"]
[Round "15.8"]
[White "Boguslawski, Oleg"]
[Black "Mager, Denis"]
[Result "1-0"]
[WhiteElo "2390"]
[BlackElo "2268"]
[Annotator "TA"]
[PlyCount "121"]
[EventDate "2018.05.24"]
[EventType "team-tourn"]
[EventCountry "GER"]
[SourceTitle "playchess.com"]
[Source "ChessBase"]
[SourceQuality "1"]
[WhiteTeam "Hockenheim"]
[BlackTeam "Speyer"]

{[%evp 14,121,26,16,30,33,45,16,34,47,32,39,41,45,65,38,60,72,77,41,64,78,80,48,70,28,30,12,30,0,0,0,0,-36,-15,-23,-22,-27,-27,-58,62,0,223,239,388,412,783,766,700,48,57,60,64,68,59,64,90,86,80,52,115,93,87,79,141,119,125,131,185,119,99,104,183,183,135,108,99,47,27,33,42,38,179,0,422,430,408,427,396,423,384,317,1045,1048,1030,985,681,525,520,522,493,464,375,106,105,97,249,216,29969,29964]} 1. e4 c5 2. Nf3 d6 3. Bb5+ Nd7 4. c3 a6 (4... Ngf6 5. Qe2 a6 6. Ba4 b5 7. Bc2 Bb7 8. d4 e6 9. O-O Be7 10. Nbd2 O-O 11. e5 Nd5 12. Ne4 Qc7 13. exd6 Bxd6 14. Nxd6 Qxd6 15. dxc5 Qxc5 {½-½ (58) Kovalev,V (2648)-Grandelius,N (2652) Sharjah 2018}) 5. Ba4 Ngf6 6. Bc2 {B51: Sicilian: Moscow Variation (3 Bb5+) without 3...Bd7} e5 7. O-O Be7 8. d4 {LiveBook: 17 Games. White has an edge.} cxd4 9. cxd4 O-O 10. a4 $146 ({Predecessor:} 10. Nbd2 Qc7 11. Re1 b5 12. b3 Bb7 {1-0 (21) Henderson de la Fuente,L (2306)-Mahmutbegovic,M (1966) Prague 2016}) 10... b6 11. Nc3 Bb7 12. Re1 Rc8 13. h3 Qc7 14. Bg5 Rfd8 15. Rc1 Qb8 16. Qd2 Nf8 17. Nh4 g6 18. d5 N8d7 19. f4 Re8 20. f5 b5 21. Rf1 b4 22. Ne2 a5 23. Ng3 Ba6 24. Rf3 Qb6+ 25. Be3 Qd8 26. fxg6 hxg6 {[#]} (26... fxg6 $15 27. Bg5 Rc4) 27. Nhf5 $1 $14 {[%mdl 512]} Bf8 $2 (27... gxf5 $11 28. Nxf5 Kh8) 28. Bh6 $1 $18 Nh7 (28... Be7 {is a better defense.} 29. Nxe7+ Qxe7) 29. Bxf8 {White wants to mate with Qh6.} Rxf8 (29... gxf5 $142 30. Nxf5 Nhxf8 31. Nh6+ Kh7 32. Nxf7 Qh4 33. Nxd6 Red8 34. Rf7+ Kh8 35. Nxc8 Bxc8) 30. Qh6 $1 {[%csl Gf5][%cal Rh6g7]} (30. Nh6+ Kg7 $11) 30... Qf6 {[#]} 31. Nxd6 $2 (31. Nh5 $1 $18 {[%cal Rh5f6][%mdl 512]} gxh5 32. Ne7+ $1 {[%mdl 512]} Kh8 33. Rxf6 Ndxf6 34. Nxc8 Rxc8 35. Bb1) 31... Qg5 $1 $14 {[%cal Rg5h6]} (31... Qxd6 $2 32. Nh5 $1 $18 {[%mdl 512]}) 32. Qxg5 Nxg5 33. Re3 $1 (33. Nxc8 $2 Nxf3+ 34. gxf3 Rxc8 $19) 33... Rc5 $1 34. Ree1 Rd8 35. h4 Nh7 36. Bb3 Kf8 (36... Nhf6 $14) 37. Bc4 $36 {[%mdl 2048] Black is under strong pressure.} Bxc4 38. Rxc4 (38. Nxc4 Rdc8 $11) 38... Ke7 ({Better is} 38... Rdc8 39. b3 (39. Nxc8 Rxc4 40. Nd6 Rc2 $11) 39... Rxc4 40. Nxc4 Nhf6) 39. Rxc5 Nxc5 40. Nc4 $1 {[%csl LRa5,LRe5]} Nxa4 (40... Nf6 $16) 41. Ra1 (41. Nxe5 $18 Rf8 42. Nc4) 41... Rc8 42. b3 {[%cal Bb2b3,Bb3c4][%mdl 32]} (42. Rxa4 $6 Rxc4 43. Rxa5 Nf6 $11) 42... Rxc4 (42... Nc5 $16 43. Rxa5 Nxb3 44. Ra7+ Kf6) 43. bxc4 {[%mdl 4096] Endgame KRN-KNN} b3 {White must now prevent ...Nc3.} 44. Nf1 b2 45. Rb1 Nf6 46. Nd2 Kd6 47. Rf1 Nd7 (47... Ke7 $1 $14) 48. Rxf7 $2 (48. g4 $18) 48... Ndc5 $2 {[%mdl 8192]} (48... Nab6 $1 $11 {and Black is okay.}) 49. g4 {[%cal Bg2g4,Bg4h5,Bh5h6][%mdl 32]} Nc3 {...a4 is the strong threat.} 50. h5 gxh5 51. gxh5 a4 52. h6 $1 {[%cal Rh6h7]} ({Avoid the trap} 52. Rf6+ $2 Ke7 $19) 52... Nb3 $2 {[#]} (52... N5xe4 53. Rb7 Nxd2 54. Rxb2 Nf3+ 55. Kf2 Ng5) 53. Rb7 $1 $18 Nxd2 54. Rxb2 Nf3+ 55. Kf2 Ng5 {Threatens to win with ...Nd1+.} 56. Rb7 ({Less strong is} 56. Rb6+ Kc5 $18) 56... Ncxe4+ 57. Ke3 Nf6 58. Rb6+ $2 (58. Rg7 $18 Ngh7 59. Ra7) 58... Ke7 $16 59. Ra6 {[%mdl 1024] aiming for Ra7+. White has strong compensation.} a3 $2 {[#]} (59... Kf7 $16 {was called for.} 60. Rxa4 Kg6) 60. Kd3 $1 $18 ({Much less strong is} 60. Rxa3 $6 Ng4+ 61. Kd3 Nxh6) 60... Nf7 $2 (60... Kf7 $18 61. Rxa3 Kg6) 61. Re6+ {Precision: White = 59%, Black = 32%.} 1-0

[Event "BL 2017-18"]
[Site "Germany"]
[Date "2018.05.01"]
[Round "15.9"]
[White "Wojtaszek, Radoslaw"]
[Black "Perske, Thore"]
[Result "1/2-1/2"]
[WhiteElo "2744"]
[BlackElo "2451"]
[Annotator "TA"]
[PlyCount "74"]
[EventDate "2018.05.24"]
[EventType "team-tourn"]
[EventCountry "GER"]
[SourceTitle "playchess.com"]
[Source "ChessBase"]
[SourceQuality "1"]
[WhiteTeam "Baden-Baden"]
[BlackTeam "SV Hofheim"]

{[%evp 23,74,27,39,31,36,35,37,28,48,49,52,32,37,23,77,39,77,72,68,77,76,58,58,58,58,62,75,0,0,0,0,-22,0,0,0,0,0,0,0,0,22,22,22,22,48,48,56,70,70,70,70,0,72]} 1. Nf3 Nf6 2. c4 g6 3. Nc3 Bg7 4. e4 d6 5. d4 O-O 6. Be2 e5 7. O-O Nc6 8. d5 Ne7 9. a4 a5 10. Ne1 Nd7 11. Nd3 f5 12. f3 Kh8 {LiveBook: 16 Games. E97: King's Indian: Classical Main Line (6...e5 7 0-0 Nc6): 8 Be3 and 8 d5 Ne7, not 9 Ne1} (12... f4 13. b3 g5 14. Ba3 b6 15. Nb5 Ng6 16. b4 axb4 17. Bxb4 Nc5 18. Nf2 Nb7 19. a5 bxa5 20. Qe1 {0-1 (39) Nisipeanu,L (2667)-Adhiban,B (2643) Linares 2015}) 13. Bg5 b6 14. Nb5 Bf6 {White is slightly better.} 15. Bd2 Nc5 $146 ({Predecessor:} 15... Rf7 16. b3 Bg7 17. Qc2 Ba6 18. Be3 Ng8 19. Qd2 Bxb5 20. axb5 {½-½ (39) Kireev,V (2236)-Terreaux,G (2437) ICCF email 2014}) 16. Nxc5 dxc5 17. exf5 Nxf5 18. Bd3 Nd6 (18... Nd4 $11) 19. Re1 Bd7 20. Bc3 Bxb5 21. axb5 Qe7 22. b3 e4 23. Qc1 Qg7 24. Bxf6 Qxf6 25. fxe4 ({White should play} 25. Bxe4 $16 Rae8 26. Qd1) 25... Rae8 $11 26. Qe3 Qe5 27. Rf1 Kg7 28. Rxf8 {[#] Black must now prevent Rff1.} Rxf8 29. Re1 $36 {[%mdl 2048] White has the initiative.} Re8 30. Qg3 (30. Rf1 {with more complications.} Qd4 31. Qxd4+ cxd4 32. Rf4 g5 33. Rg4) 30... Qxg3 31. hxg3 {[%mdl 4096] Endgame aiming for e5. KRB-KRN} Nf7 32. Kf2 Ne5 33. Be2 Rf8+ 34. Ke3 Rf6 35. Rh1 g5 36. Rd1 Kf8 37. Rh1 Kg7 {Precision: White = 46%, Black = 56%.} 1/2-1/2

[Event "BL 2017-18"]
[Site "Germany"]
[Date "2018.05.01"]
[Round "15.9"]
[White "Grandelius, Nils"]
[Black "Dragnev, Valentin"]
[Result "1-0"]
[WhiteElo "2651"]
[BlackElo "2482"]
[Annotator "TA"]
[PlyCount "53"]
[EventDate "2018.05.24"]
[EventType "team-tourn"]
[EventCountry "GER"]
[SourceTitle "playchess.com"]
[Source "ChessBase"]
[SourceQuality "1"]
[WhiteTeam "Hamburg SK"]
[BlackTeam "Bayern Muenchen"]

{[%evp 21,53,37,60,41,35,-66,22,-31,11,15,19,11,21,0,4,31,55,6,9,23,12,15,15,0,247,285,268,276,330,321,604,572,567,555]} 1. e4 e5 2. Nf3 Nc6 3. Bb5 {[%cal Bf1b5,Bb5a4,Ba4b3][%mdl 32]} a6 4. Ba4 Nf6 5. O-O Be7 6. Re1 b5 7. Bb3 O-O 8. a4 b4 9. a5 d5 {C88: Closed Ruy Lopez: Anti-Marshall Systems} (9... d6 10. d3 Be6 11. Bxe6 fxe6 12. h3 Qb8 13. c3 Qb5 14. c4 Qb7 15. Nbd2 Nd7 16. Nb3 Nd8 17. d4 exd4 18. Nbxd4 c5 19. Nxe6 Nxe6 {½-½ (36) Vachier Lagrave,M (2789)-Aronian,L (2794) Karlsruhe/Baden-Baden 2018}) 10. exd5 e4 11. dxc6 exf3 {LiveBook: 3 Games. White is slightly better.} 12. d4 ({Don't play} 12. gxf3 Bd6 $15) 12... fxg2 13. Bf4 ({White should try} 13. Nd2 $1 $14) 13... Rb8 $146 (13... Bg4 $15 14. Qd3 Nh5) ({Predecessor:} 13... Bd6 14. Be5 Ng4 15. Qf3 Bxe5 16. dxe5 Qd4 17. c3 bxc3 18. Ra4 Qc5 19. Nxc3 Rb8 20. Nd1 Nxe5 21. Qd5 Qxd5 {½-½ (21) Kuchynka,L (2287)-Jancarik,J (2215) Kouty nad Desnou 2011}) 14. Qd3 (14. Nd2 $11) 14... Rb5 15. Be5 ({Much worse is} 15. Kxg2 Bd6 $17) 15... Ng4 {[#] ...Bh4 is the strong threat.} 16. Nd2 $1 Nxe5 17. Rxe5 Rxe5 18. dxe5 {[%cal Bd4e5,Be5e6,Be6f7][%mdl 32]} Bc5 19. Ne4 Qxd3 20. cxd3 Bd4 21. Ra4 Bxb2 22. e6 Ba3 $2 {[#]} (22... Bxe6 $11 {and Black stays safe.} 23. Rxb4 Bxb3) 23. exf7+ $18 Kh8 24. Kxg2 g6 25. Nf6 Kg7 $2 (25... Rxf7 26. Bxf7 Kg7) 26. Ne8+ Kh6 27. Nxc7 {Precision: White = 54%, Black = 30%.} 1-0